000 00670nam a2200205Ia 4500
003 OSt
005 20250115101846.0
008 210210b1988 xxu||||| |||| 00| 0 eng d
040 _cAL
041 _aKannada
082 _aK894.308 MASM
100 _aMASTI VENKATESA IYENGAR.
_9135509
_dಮಾಸ್ತಿ ವೆಂಕಟೇಶ ಅಯ್ಯಂಗಾರ್.
245 _aMasti avara samagra kathegalu samputa: 2.
_bಮಾಸ್ತಿ ಅವರ ಸಮಗ್ರ ಕತೆಗಳು : ಸಂಪುಟ :೨
260 _aBengaluru
_bPurogami
_c1988
300 _axxx,590
440 _a2
_9135510
690 _aKannada Fiction
_9135511
906 _a042000
942 _2ddc
_cBK
999 _c91816
_d91816